| 000 | 00364nam a22001451a 4500 | ||
|---|---|---|---|
| 020 | _a9788185382081 | ||
| 082 |
_a780.954 _bBHA/N |
||
| 245 |
_aNatyasastra: _bancient Scales of Indian Music (chapter 28)/ |
||
| 260 |
_aNew Delhi: _bBrahaspati Publications, _c1996. |
||
| 300 | _a203p. | ||
| 650 | _aMusic India | ||
| 650 | _aMusic | ||
| 650 | _aArts | ||
| 942 | _cBK | ||
| 999 |
_c30819 _d30819 |
||